| Tag |
First Indicator |
Second Indicator |
Subfields |
| LEADER |
00000cam a22000008a 4500 |
| 001 |
in00000086295 |
| 005 |
20151008062637.0 |
| 008 |
810629s1981 nyu b 00100 eng |
| 010 |
|
|
|a 81009819
|
| 020 |
|
|
|a 0866210016 :
|c $59.50
|
| 035 |
|
|
|a (OCoLC)07597863
|
| 035 |
|
|
|9 AAK0654AM
|
| 039 |
0 |
|
|a 2
|b 3
|c 3
|d 3
|e 3
|
| 040 |
|
|
|a DLC
|c DLC
|d TXA
|d UtOrBLW
|
| 043 |
|
|
|a n-us---
|
| 049 |
|
|
|a TXAM
|c [1362368]
|
| 050 |
0 |
0 |
|a KF1297.M4
|b M4
|
| 060 |
|
0 |
|a W 32.5 AA1 M36
|
| 082 |
0 |
|
|a 346.7303/82
|a 347.306382
|2 19
|
| 090 |
|
|
|a KF1297.M4
|b M4 1981a
|
| 245 |
0 |
0 |
|a Medical product liability :
|b a comprehensive guide and sourcebook /
|c edited by Duane Gingerich.
|
| 263 |
|
|
|a 8107
|
| 264 |
|
1 |
|a New York :
|b F & S Press ;
|c [1981]
|
| 264 |
|
2 |
|a Cambridge, Mass. :
|b Distributed by Ballinger Pub. Co.,
|
| 264 |
|
4 |
|c ©1981
|
| 300 |
|
|
|a 450 pages ;
|c 24 cm.
|
| 336 |
|
|
|a text
|b txt
|2 rdacontent
|
| 337 |
|
|
|a unmediated
|b n
|2 rdamedia
|
| 338 |
|
|
|a volume
|b nc
|2 rdacarrier
|
| 490 |
1 |
|
|a Health care economics and technology series
|
| 500 |
|
|
|a Includes indexes.
|
| 504 |
|
|
|a Bibliography: pages 415-429.
|
| 650 |
|
0 |
|a Products liability
|x Medical instruments and apparatus
|z United States
|x States.
|
| 650 |
|
2 |
|a Equipment and Supplies
|z United States
|x Legislation.
|
| 700 |
1 |
|
|a Gingerich, Duane,
|d 1942-
|
| 830 |
|
0 |
|a Health care economics and technology series.
|
| 999 |
|
|
|a MARS
|
| 999 |
f |
f |
|s eca9271c-a757-31ea-8061-7de243dd008e
|i e78125f6-1ae0-3dee-8a5d-233c93e2d9e0
|t 0
|
| 952 |
f |
f |
|p ric
|a Texas A&M University
|b Rellis Campus
|c Joint Library Facility
|d Remote Storage
|t 0
|e KF1297.M4 M4 1981a
|h Library of Congress classification
|i unmediated -- volume
|m A14805956651
|
| 998 |
f |
f |
|a KF1297.M4 M4 1981a
|t 0
|l Remote Storage
|